CoC Spells - Statistics

General Stats
  • This quiz has been taken 3 times
  • The average score is 11 of 16
Answer Stats
Answer % Correct
Clone
100%
Earthquake
100%
Haste
100%
Healing
100%
Jump
100%
Lightning
100%
Poison
100%
Rage
100%
Bat
67%
Invisibility
67%
Freeze
33%
Overgrowth
33%
Recall
33%
Skeleton
33%
Ice block
0%
Revive
0%
No matching quizzes found
Score Distribution
Percent of People with Each Score
Percentile by Number Answered
Your Score History
You have not taken this quiz